النظام النحوي في اللغة العربية / (رقم التسجيلة. 245304)

تفاصيل مارك
000 -الفاتح
عناصر البيانات ثابتة الطول 00662cam a2200181 i 4500
005 - تاريخ ووقت آخر معاملة
حقل ضبط 20260301125822.0
008 - عناصر البيانات ثابتة الطول
عناصر البيانات ثابتة الطول 250721s2010 xx gr 000 0 ara d
082 14 - رقم تصنيف ديوي العشري
رقم التصنيف 415.1
رقم المادة م ل ا
100 1# - مدخل رئيسي – اسم شخصي
الاسم الشخصي الملاح، ياسر
علاقة الشخص بالعمل/ دوره مؤلف.
245 12 - بيان العنوان
العنوان النظام النحوي في اللغة العربية /
بيان المسؤولية الأٍتاذ الدكتور ياسر الملاح.
250 ## - بيان الطبعة
بيان الطبعة الطبعة الثانية.
264 31 - بيانات النشر، التوزيع…إلخ
مكان النشر، التوزيع...إلخ القدس :
اسم الناشر، الموزع...إلخ دار البيرق للنشر و التوزيع،
تاريخ النشر، التوزيع...إلخ 2010.
300 ## - الوصف المادي
عدد الوحدات المكونة للوعاء 210 صفحة.
650 17 - مدخل إضافي بالموضوع - مصطلح موضوعي
مصطلح موضوعي أو اسم جغرافي كعنصر مدخل قواعد اللغة.
650 17 - مدخل إضافي بالموضوع - مصطلح موضوعي
مصطلح موضوعي أو اسم جغرافي كعنصر مدخل اللغة العربية.
942 ## - بيانات إضافية (كوها)
نوع التنصيف Dewey Decimal Classification
نوع المادة (كوها) كتب
المقتنيات
حالة السحب حالة الفقدان مصدر التصنيف حالة التلف غير قابل للإعارة المكتبة الرئيسية المكتبة الحالية موقع الرف تاريخ التزويد العملة الرقم المتسلسل Total Checkouts رقم الإستدعاء الباركود تاريخ آخر ظهور تاريخ الفاتورة نوع المادة (كوها)
    Dewey Decimal Classification     المكتبة المركزية المكتبة المركزية الإعارة 01/03/2026 JOD 1544107   415.1 / م ل ا PLD00263883 01/03/2026 01/03/2026 كتب
Implemented & Customized by: BBB with SCIT (Smart Chains for Information Technology)

Powered by Koha